01710nam a2200385Ia 4500001001200000003000800012006001900020007001500039008004100054020001800095020001500113040002100128035002100149050002300170100002800193245014000221246005000361246005200411260003600463300002600499490004100525504006600566533015200632650006400784650004400848650007100892650004000963651006101003651004301064655002901107710001701136830003001153856012601183999001501309ebr10275475CaPaEBRm u cr cn|||||||||070619s2007 bcca sb 001 0 eng d z9780774813549 z0774813547 aCaPaEBRcCaPaEBR a(OCoLC)31130813114aSK151b.G55 2007eb1 aGillespie, Greg,d1973-10aHunting for empireh[electronic resource] :bnarratives of sport in Rupert's Land, 1840-70 /cGreg Gillespie ; foreword by Graeme Wynn.30aNarratives of sport in Rupert's Land, 1840-703 aNarratives of sport in Rupert's Land, 1840-1870 aVancouver :bUBC Press,cc2007. axxvii, 172 p. :bill.1 aNature, history, society,x1713-6687 aIncludes bibliographical references (p. [149]-161) and index. aElectronic reproduction.bPalo Alto, Calif. :cebrary,d2011.nAvailable via World Wide Web.nAccess may be limited to ebrary affiliated libraries. 0aBig game huntingzPrairie ProvincesxHistoryy19th century. 0aBritishzCanadaxHistoryy19th century. 0aTravelers' writings, Britishy19th centuryxHistory and criticism. 0aImperialismxHistoryy19th century. 0aGreat BritainxColonieszAmericaxHistoryy19th century. 0aRupert's LandxDescription and travel. 7aElectronic books.2local2 aebrary, Inc. 0aNature, history, society.40uhttp://site.ebrary.com/lib/rucke/Doc?id=10275475zAn electronic book accessible through the World Wide Web; click to view c5965d5965